<?xml version="1.0" encoding="UTF-8"?>
<collection xmlns:xsi="http://www.w3.org/2001/XMLSchema-instance" xsi:schemaLocation="http://www.loc.gov/MARC21/slim http://www.loc.gov/standards/marcxml/schema/MARC21slim.xsd" xmlns="http://www.loc.gov/MARC21/slim">
 <record>
  <leader>00000cab a22000004cb4500</leader>
  <controlfield tag="001">IPP-00000189081</controlfield>
  <controlfield tag="003">IPP</controlfield>
  <controlfield tag="005">20160928165816.0</controlfield>
  <controlfield tag="008">160928s2010    xx     d | ||r |||||eng||</controlfield>
  <datafield tag="041" ind1="#" ind2="#">
   <subfield code="a">eng</subfield>
  </datafield>
  <datafield tag="100" ind1="1" ind2="#">
   <subfield code="a">Velasco, Benjamin B.</subfield>
  </datafield>
  <datafield tag="245" ind1="1" ind2="0">
   <subfield code="a">The demand for a workers bailout</subfield>
   <subfield code="b">a case study of the Giardini del Sole strike</subfield>
  </datafield>
  <datafield tag="264" ind1="#" ind2="1">
   <subfield code="c">2010</subfield>
  </datafield>
  <datafield tag="520" ind1="#" ind2="#">
   <subfield code="a">The paper is a study of the first worker's strike against mass retrenchments in the wake of the global economic crisis. The workers of the furniture factory of Giardini del Sole in Mandaue City went on strike in February 2009 after the company laid off more than half of the workforce. In the months after the Giardini strike, labor militancy ratcheted up among Cebu workers. Using the perspective of labor economics, the paper focuses specifically on the workers' demand for a bailout (a higher package of separation benefits than mandated by law) in the face of job losses and loss of income.&#13;&#13;The paper starts with a survey of the impact of the crisis on Cebu's economy in general and then on the furniture industry in particular. Then, it delves into the call for a bailout of the workers. After which, it reviews the basis for a workers bailout in Keynesian economic theory. The paper concludes by posing the question whether the so-called &quot;Great Recession&quot; will see a revival of institutional economics that was born out of the Great Depression some 80 years ago. The topic of the paper continues to be relevant given the threat of a second round of the &quot;Great Recession&quot; or what is called the double dip recession.&#13;&#13;The research primarily depend upon an analysis of documents concerning the nature and impact of the global crisis, and the facts and circumstances concerning the Girding strike. Secondarily, the study employed interviews with a key leaders of the Giardini strike and with advocates of a workers bailout.</subfield>
  </datafield>
  <datafield tag="650" ind1="1" ind2="0">
   <subfield code="a">Giardini del Sole Strike, Philippines, 2009</subfield>
  </datafield>
  <datafield tag="650" ind1="2" ind2="0">
   <subfield code="a">Dismissal of employees</subfield>
  </datafield>
  <datafield tag="773" ind1="0" ind2="#">
   <subfield code="t">Philippine Journal of Labor and Industrial Relations</subfield>
   <subfield code="g">Vol. XXX, no. 1 and 2 (2010), 165-180</subfield>
  </datafield>
  <datafield tag="852" ind1="#" ind2="#">
   <subfield code="a">UPD</subfield>
   <subfield code="b">DSOLAIR</subfield>
  </datafield>
  <datafield tag="942" ind1="#" ind2="#">
   <subfield code="a">Article</subfield>
  </datafield>
  <datafield tag="950" ind1="#" ind2="#">
   <subfield code="a">FI</subfield>
  </datafield>
 </record>
</collection>
